[Event "Denizli op"]
[Site "Denizli"]
[Date "2025.07.08"]
[Round "2"]
[White "Suyarov, Mukhammadzokhid"]
[Black "Schekachikhin, Maksim"]
[Result "1/2-1/2"]
[WhiteElo "2473"]
[BlackElo "2354"]
[PlyCount "129"]
[EventDate "2025.07.07"]
[EventType "swiss"]
[EventRounds "9"]
[EventCountry "TUR"]
[SourceTitle "CB29_2025"]
[SourceDate "2025.07.16"]
[SourceVersion "1"]
[SourceVersionDate "2025.07.16"]
[SourceQuality "1"]

1. e4 e6 2. Nf3 d5 3. Nc3 Nf6 4. e5 Nfd7 5. d4 c5 6. Ne2 Nc6 7. c3 Be7 8. a3 0-0 9. Nf4 Qa5 10. b4 cxb4 11. Bd3 bxc3 12. Qc2 f5 13. Rb1 Nb6 14. g4 Qa4 15. Qxa4 Nxa4 16. gxf5 Nb2 17. Bxb2 cxb2 18. Rg1 Kh8 19. Rxb2 Bxa3 20. Rb3 Bb4+ 21. Kd1 exf5 22. Bb5 a5 23. Bxc6 bxc6 24. Ng5 Ra7 25. Rh3 h6 26. Ng6+ Kg8 27. Nxf8 Bxf8 28. Nf3 g5 29. Nd2 a4 30. f4 g4 31. Kc2 Kf7 32. Rc3 Bd7 33. Rb1 h5 34. Kd3 h4 35. Ra1 Bb4 36. Rc2 Ke6 37. Nb1 Ra5 38. Nc3 c5 39. Na2 Bb5+ 40. Ke3 Bc4 41. Rb1 cxd4+ 42. Kxd4 Bc5+ 43. Kc3 Bb3 44. Re2 Ba3 45. Kd4 Bc5+ 46. Kc3 Ba3 47. Kd3 Bc4+ 48. Kd2 Bxe2 49. Rb6+ Ke7 50. Kxe2 d4 51. Kd3 g3 52. hxg3 hxg3 53. Rg6 Rb5 54. Kxd4 Rb3 55. Kc4 Rf3 56. Kd5 Rd3+ 57. Kc4 Rf3 58. Kd5 Rxf4 59. Rg7+ Kf8 60. Rxg3 Bb2 61. Nc3 a3 62. Ke6 Bxc3 63. Rxc3 Ra4 64. Kf6 Kg8 65. Rg3+ 1/2-1/2

[Event "Denizli op"]
[Site "Denizli"]
[Date "2025.07.07"]
[Round "1"]
[White "Zeynalov, Rashad"]
[Black "Suyarov, Mukhammadzokhid"]
[Result "0-1"]
[WhiteElo "2255"]
[BlackElo "2473"]
[PlyCount "70"]
[EventDate "2025.07.07"]
[EventType "swiss"]
[EventRounds "9"]
[EventCountry "TUR"]
[SourceTitle "CB29_2025"]
[SourceDate "2025.07.16"]
[SourceVersion "1"]
[SourceVersionDate "2025.07.16"]
[SourceQuality "1"]

1. e4 e6 2. d4 d5 3. e5 c5 4. c3 Nc6 5. Nf3 Bd7 6. Be2 Nge7 7. Na3 Nf5 8. Nc2 Be7 9. 0-0 cxd4 10. cxd4 0-0 11. Bd3 f6 12. Bf4 g5 13. exf6 Bxf6 14. Be5 g4 15. Bxf6 Qxf6 16. Ne5 Nxe5 17. dxe5 Qg7 18. Rc1 h5 19. Bxf5 Rxf5 20. Nd4 Rxe5 21. Rc7 Re4 22. Nf5 Qh7 23. Qd2 Qxf5 24. Rxd7 Rf8 25. Rxb7 h4 26. h3 g3 27. f3 Qf6 28. Rd1 Rc4 29. Rxa7 Rfc8 30. Qd3 Rc1 31. Qh7+ Kf8 32. Rf7+ Qxf7 33. Qh6+ Qg7 34. Qf4+ Kg8 35. Rxc1 Qd4+ 0-1

[Event "Tashkent UzChess Challengers 2nd"]
[Site "Tashkent"]
[Date "2025.06.27"]
[Round "9"]
[White "Ivanchuk, Vassily"]
[Black "Suyarov, Mukhammadzokhid"]
[Result "1-0"]
[WhiteElo "2634"]
[BlackElo "2490"]
[PlyCount "111"]
[EventDate "2025.06.18"]
[EventType "tourn"]
[EventRounds "9"]
[EventCountry "UZB"]
[EventCategory "13"]
[SourceTitle "CB27_2025"]
[SourceDate "2025.07.02"]
[SourceVersion "1"]
[SourceVersionDate "2025.07.02"]
[SourceQuality "1"]

1. e4 e5 2. Nf3 Nf6 3. Nxe5 d6 4. Nf3 Nxe4 5. d4 d5 6. Bd3 Bd6 7. 0-0 0-0 8. c4 c6 9. Re1 Bf5 10. Qb3 Qd7 11. Nc3 Nxc3 12. Bxf5 Qxf5 13. Qxb7 Qd7 14. Qxd7 Nxd7 15. c5 Bxc5 16. dxc5 Ne4 17. Nd4 Rfc8 18. Re2 Nexc5 19. Rc2 a5 20. Be3 Kf8 21. b3 f6 22. Kf1 Kf7 23. Rd1 g5 24. Ke2 Ne6 25. Nxc6 d4 26. Bxd4 Ndc5 27. b4 axb4 28. Nxb4 Ra4 29. Bxc5 Rxc5 30. Rb2 h5 31. h3 Nf4+ 32. Kf1 Ra3 33. Kg1 Kg6 34. Kh2 h4 35. Nc2 Rac3 36. Nd4 Re5 37. Rbd2 Ra3 38. Rb1 Rd5 39. Rbb2 Re5 40. Nc2 Ra6 41. Ne3 Rea5 42. Rbc2 Rb5 43. Rc7 Ne6 44. Re7 f5 45. Re8 Rba5 46. Nc4 Rc5 47. Nd6 Kf6 48. Rh8 Kg7 49. Rb8 Kf6 50. Rb7 Nf4 51. Ne8+ Ke5 52. Rf7 Rd5 53. Re7+ Re6 54. Rxe6+ Nxe6 55. Re2+ Kf4 56. Nf6 1-0

[Event "Tashkent UzChess Challengers 2nd"]
[Site "Tashkent"]
[Date "2025.06.25"]
[Round "7"]
[White "Vakhidov, Jahongir"]
[Black "Suyarov, Mukhammadzokhid"]
[Result "0-1"]
[WhiteElo "2539"]
[BlackElo "2490"]
[PlyCount "70"]
[EventDate "2025.06.18"]
[EventType "tourn"]
[EventRounds "9"]
[EventCountry "UZB"]
[EventCategory "13"]
[SourceTitle "CB27_2025"]
[SourceDate "2025.07.02"]
[SourceVersion "1"]
[SourceVersionDate "2025.07.02"]
[SourceQuality "1"]

1. d4 Nf6 2. c4 e6 3. Nf3 d5 4. Nc3 c6 5. Bg5 h6 6. Bxf6 Qxf6 7. e3 g6 8. Be2 Nd7 9. 0-0 dxc4 10. e4 e5 11. d5 Nb6 12. Nd2 Bc5 13. Nxc4 0-0 14. Rc1 Rd8 15. Kh1 g5 16. Ne3 Bd4 17. Bg4 Bxg4 18. Nxg4 Qg6 19. Qf3 Rd6 20. Ne3 Bxe3 21. fxe3 Rad8 22. Rcd1 Kg7 23. h3 h5 24. b3 f6 25. dxc6 bxc6 26. Rxd6 Rxd6 27. Ne2 g4 28. Qf2 Rd2 29. hxg4 hxg4 30. Re1 Nd7 31. Kg1 Nc5 32. Qf1 Nxe4 33. Rd1 Qg5 34. Rxd2 Qxe3+ 35. Kh1 Qxd2 0-1

[Event "Tashkent UzChess Challengers 2nd"]
[Site "Tashkent"]
[Date "2025.06.19"]
[Round "1"]
[White "Suyarov, Mukhammadzokhid"]
[Black "Ma, Qun"]
[Result "1/2-1/2"]
[WhiteElo "2490"]
[BlackElo "2630"]
[PlyCount "128"]
[EventDate "2025.06.18"]
[EventType "tourn"]
[EventRounds "9"]
[EventCountry "UZB"]
[EventCategory "13"]
[SourceTitle "CB27_2025"]
[SourceDate "2025.07.02"]
[SourceVersion "1"]
[SourceVersionDate "2025.07.02"]
[SourceQuality "1"]

1. e4 e5 2. Nf3 Nc6 3. Bb5 Nf6 4. 0-0 Nxe4 5. d4 Nd6 6. Bxc6 dxc6 7. dxe5 Nf5 8. Qe2 Nd4 9. Nxd4 Qxd4 10. h3 Be6 11. Rd1 Qc4 12. Rd3 Rd8 13. b3 Qh4 14. Rxd8+ Kxd8 15. Be3 Kc8 16. Nd2 Bb4 17. Nf3 Qh5 18. Bxa7 Bd5 19. Bd4 Bxf3 20. Qxf3 Qxf3 21. gxf3 Bd2 22. Rd1 Bf4 23. Re1 Rd8 24. Re4 g5 25. h4 h6 26. Kg2 Kd7 27. hxg5 hxg5 28. Be3 Bxe3 29. fxe3 Ke6 30. Rd4 Ra8 31. a4 c5 32. Rd3 c4 33. Rc3 cxb3 34. cxb3 c6 35. Rd3 b5 36. axb5 cxb5 37. e4 b4 38. Kg3 Ra1 39. Rd4 Kxe5 40. Rxb4 f6 41. Rb5+ Ke6 42. b4 Rg1+ 43. Kf2 Rb1 44. Kg2 Rb2+ 45. Kg3 Rb1 46. Rb8 Rg1+ 47. Kf2 Rb1 48. Rb5 Rb2+ 49. Kg3 Rb1 50. Kg4 Rg1+ 51. Kh5 g4 52. fxg4 Rh1+ 53. Kg6 Rg1 54. Rb6+ Ke5 55. Kf7 Kxe4 56. Kxf6 Rxg4 57. Rd6 Rf4+ 58. Ke6 Rf5 59. Rb6 Rh5 60. Kd6 Kd4 61. Kc6 Kc4 62. Kb7 Rb5 63. Ka6 Rxb6+ 64. Kxb6 Kxb4 1/2-1/2

[Event "Namangan op"]
[Site "Namangan"]
[Date "2025.05.30"]
[Round "2"]
[White "Suyarov, Mukhammadzokhid"]
[Black "Bobomurodova, Maftuna"]
[Result "1-0"]
[WhiteElo "2491"]
[BlackElo "1885"]
[PlyCount "43"]
[EventDate "2025.05.29"]
[EventType "swiss"]
[EventRounds "9"]
[EventCountry "UZB"]
[SourceTitle "CB23_2025"]
[SourceDate "2025.06.04"]
[SourceVersion "1"]
[SourceVersionDate "2025.06.04"]
[SourceQuality "1"]

1. e4 e5 2. Nf3 Nc6 3. Bb5 a6 4. Ba4 Nge7 5. c3 Ng6 6. d4 exd4 7. h4 dxc3 8. Nxc3 h6 9. h5 Nge5 10. Bf4 Bd6 11. Nxe5 Nxe5 12. Bb3 0-0 13. Bg3 Rb8 14. Qd5 Qe7 15. f4 Nc6 16. Qd3 Bb4 17. e5 d6 18. Bh4 Qe8 19. 0-0-0 dxe5 20. Nd5 Bg4 21. Nf6+ gxf6 22. Qg6+ 1-0

[Event "Asia-ch"]
[Site "Al Ain"]
[Date "2025.05.15"]
[Round "9"]
[White "Suyarov, Mukhammadzokhid"]
[Black "Dau, Khuong Duy"]
[Result "1/2-1/2"]
[WhiteElo "2491"]
[BlackElo "2423"]
[PlyCount "28"]
[EventDate "2025.05.07"]
[EventType "swiss"]
[EventRounds "9"]
[EventCountry "UAE"]
[SourceTitle "CB21_2025"]
[SourceDate "2025.05.21"]
[SourceVersion "1"]
[SourceVersionDate "2025.05.21"]
[SourceQuality "1"]

1. e4 c5 2. Nf3 d6 3. Bb5+ Nd7 4. 0-0 a6 5. Bxd7+ Bxd7 6. c3 Nf6 7. Re1 e6 8. d4 cxd4 9. cxd4 Be7 10. Nc3 0-0 11. e5 dxe5 12. dxe5 Ne8 13. Bg5 Bxg5 14. Nxg5 h6 1/2-1/2

[Event "Asia-ch Blitz"]
[Site "Al Ain"]
[Date "2025.05.10"]
[Round "5"]
[White "Suyarov, Mukhammadzokhid"]
[Black "Pranav, V."]
[Result "1-0"]
[WhiteElo "2491"]
[BlackElo "2621"]
[PlyCount "91"]
[EventDate "2025.05.10"]
[EventType "swiss (blitz)"]
[EventRounds "9"]
[EventCountry "UAE"]
[SourceTitle "CB20_2025"]
[SourceDate "2025.05.14"]
[SourceVersion "1"]
[SourceVersionDate "2025.05.14"]
[SourceQuality "1"]

1. d4 Nf6 2. Nc3 d5 3. Bf4 e6 4. e3 Bb4 5. Nge2 a6 6. g4 Nbd7 7. a3 Bd6 8. g5 Nh5 9. Bxd6 cxd6 10. Rg1 g6 11. e4 dxe4 12. Nxe4 d5 13. Nd2 e5 14. Bg2 0-0 15. Bf3 Ng7 16. Bxd5 exd4 17. Ne4 Nb6 18. Qxd4 Nxd5 19. Qxd5 Qxd5 20. Nf6+ Kh8 21. Nxd5 Bf5 22. 0-0-0 Rac8 23. Nd4 Be6 24. Nf6 Rc5 25. h4 Rfc8 26. Rg3 Nf5 27. Rc3 Rxc3 28. bxc3 Nxd4 29. cxd4 Kg7 30. Kb2 Bf5 31. Rd2 Kf8 32. Re2 b5 33. c3 a5 34. Re5 b4 35. axb4 axb4 36. cxb4 Kg7 37. Rc5 Rb8 38. Kc3 h6 39. b5 hxg5 40. hxg5 Rh8 41. Kb4 Be6 42. b6 Bc8 43. Rc7 Ba6 44. Ka5 Bc8 45. d5 Rh1 46. Ne8+ 1-0

[Event "Asia-ch"]
[Site "Al Ain"]
[Date "2025.05.08"]
[Round "2"]
[White "Tan, Jun Ying"]
[Black "Suyarov, Mukhammadzokhid"]
[Result "1/2-1/2"]
[WhiteElo "2414"]
[BlackElo "2491"]
[PlyCount "44"]
[EventDate "2025.05.07"]
[EventType "swiss"]
[EventRounds "9"]
[EventCountry "UAE"]
[SourceTitle "CB21_2025"]
[SourceDate "2025.05.21"]
[SourceVersion "1"]
[SourceVersionDate "2025.05.21"]
[SourceQuality "1"]

1. Nf3 Nf6 2. c4 e6 3. g3 d5 4. Bg2 Be7 5. 0-0 0-0 6. b3 d4 7. e3 c5 8. Ne5 Qc7 9. f4 Nfd7 10. exd4 cxd4 11. Nd3 Nc6 12. Ba3 Re8 13. Bxe7 Nxe7 14. Na3 a6 15. c5 Nd5 16. Rc1 N7f6 17. Nc2 Rd8 18. Qe2 Ne7 19. Qe5 Qa5 20. c6 Nfd5 21. Nxd4 Nxc6 22. Nxc6 bxc6 1/2-1/2

[Event "UZB-ch"]
[Site "Qiziltepa"]
[Date "2025.04.23"]
[Round "3.1"]
[White "Suyarov, Mukhammadzokhid"]
[Black "Nigmatov, Ortik"]
[Result "1/2-1/2"]
[WhiteElo "2469"]
[BlackElo "2501"]
[PlyCount "104"]
[EventDate "2025.04.19"]
[EventType "k.o."]
[EventRounds "4"]
[EventCountry "UZB"]
[SourceTitle "CB18_2025"]
[SourceDate "2025.04.30"]
[SourceVersion "1"]
[SourceVersionDate "2025.04.30"]
[SourceQuality "1"]

1. e4 c5 2. Nf3 e6 3. c3 d5 4. exd5 Qxd5 5. d4 Nf6 6. Be2 cxd4 7. cxd4 Nc6 8. 0-0 Be7 9. Nc3 Qd6 10. Bg5 0-0 11. Rc1 Nd5 12. Bxe7 Ncxe7 13. Bd3 Nf6 14. Qe2 Ng6 15. Bxg6 hxg6 16. Ne4 Qd5 17. Nc3 Qd8 18. Ne5 b6 19. Qf3 Ba6 20. Rfd1 Qd6 21. Ne4 Nxe4 22. Qxe4 Rad8 23. Rc3 Bb7 24. Qg4 Qd5 25. Re3 Rc8 26. Rde1 Rc2 27. Rh3 Qe4 28. Qxe4 Bxe4 29. Ra3 Ra8 30. h3 Bd5 31. Nd3 a5 32. Nf4 Bc4 33. b3 Bb5 34. Re5 Bc6 35. b4 axb4 36. Rxa8+ Bxa8 37. Rb5 Rxa2 38. Rxb6 g5 39. Nd3 Be4 40. Nc5 Bd5 41. Rxb4 Rd2 42. Na4 Rd3 43. Nb6 Bc6 44. Rc4 Rd1+ 45. Kh2 Be4 46. f3 Bd5 47. Rb4 Kh7 48. Kg3 Rd2 49. Nxd5 exd5 50. h4 gxh4+ 51. Kxh4 Rxg2 52. Rb5 Kg6 1/2-1/2

[Event "UZB-ch"]
[Site "Qiziltepa"]
[Date "2025.04.22"]
[Round "2.4"]
[White "Suyarov, Mukhammadzokhid"]
[Black "Vokhidov, Shamsiddin"]
[Result "1/2-1/2"]
[WhiteElo "2469"]
[BlackElo "2648"]
[PlyCount "96"]
[EventDate "2025.04.19"]
[EventType "k.o."]
[EventRounds "4"]
[EventCountry "UZB"]
[SourceTitle "CB18_2025"]
[SourceDate "2025.04.30"]
[SourceVersion "1"]
[SourceVersionDate "2025.04.30"]
[SourceQuality "1"]

1. e4 c5 2. Nf3 d6 3. c3 Nf6 4. h3 Nc6 5. Bd3 g6 6. Bc2 e5 7. d4 exd4 8. cxd4 cxd4 9. Nxd4 Bg7 10. Nc3 0-0 11. 0-0 d5 12. Nxc6 bxc6 13. Bg5 h6 14. Bh4 Re8 15. exd5 cxd5 16. Bxf6 Qxf6 17. Qxd5 Rb8 18. Rab1 Bb7 19. Qd7 Bc6 20. Qc7 Rb7 21. Qg3 Re5 22. f4 Rc5 23. Bb3 a5 24. Rbd1 Qf5 25. Qe3 h5 26. Rf2 h4 27. Bc2 Qh5 28. Rd8+ Kh7 29. Bd1 Qf5 30. Bg4 Rxc3 31. bxc3 Qf6 32. Rd1 Ba4 33. Rc1 Rc7 34. f5 g5 35. Kh1 Bf8 36. Re2 Bd6 37. c4 Rb7 38. Rf2 Re7 39. Qd3 Bc7 40. Re2 Rxe2 41. Qxe2 Qd6 42. g3 Bc6+ 43. Bf3 Qxg3 44. Bxc6 Qxh3+ 45. Kg1 Qg3+ 46. Kh1 Qh3+ 47. Kg1 Qg3+ 48. Kh1 Qh3+ 1/2-1/2

[Event "UZB-ch"]
[Site "Qiziltepa"]
[Date "2025.04.20"]
[Round "1.4"]
[White "Rakhmatullaev, Almas"]
[Black "Suyarov, Mukhammadzokhid"]
[Result "0-1"]
[WhiteElo "2413"]
[BlackElo "2469"]
[PlyCount "54"]
[EventDate "2025.04.19"]
[EventType "k.o."]
[EventRounds "4"]
[EventCountry "UZB"]
[SourceTitle "CB18_2025"]
[SourceDate "2025.04.30"]
[SourceVersion "1"]
[SourceVersionDate "2025.04.30"]
[SourceQuality "1"]

1. e4 e5 2. Nf3 Nc6 3. Bc4 h6 4. d4 exd4 5. Nxd4 Nxd4 6. Qxd4 Ne7 7. Nc3 d6 8. Bf4 Nc6 9. Qd2 Be6 10. Bd5 Be7 11. 0-0-0 Qd7 12. f3 Rb8 13. Rhe1 0-0 14. g4 b5 15. Bxc6 Qxc6 16. Nd5 Bd8 17. Bxh6 Qa6 18. Kb1 c6 19. Bf4 cxd5 20. exd5 Bd7 21. Qg2 b4 22. Qg3 Rb6 23. h4 Bf6 24. Bc1 Rc8 25. g5 Bf5 26. Rd2 Qc4 27. Ree2 Ra6 0-1

[Event "UZB-ch"]
[Site "Qiziltepa"]
[Date "2025.04.20"]
[Round "1.5"]
[White "Suyarov, Mukhammadzokhid"]
[Black "Rakhmatullaev, Almas"]
[Result "1-0"]
[WhiteElo "2469"]
[BlackElo "2413"]
[PlyCount "103"]
[EventDate "2025.04.19"]
[EventType "k.o."]
[EventRounds "4"]
[EventCountry "UZB"]
[SourceTitle "CB18_2025"]
[SourceDate "2025.04.30"]
[SourceVersion "1"]
[SourceVersionDate "2025.04.30"]
[SourceQuality "1"]

1. e4 c5 2. Nf3 d6 3. Bb5+ Nd7 4. 0-0 Ngf6 5. Re1 a6 6. Bf1 e6 7. c3 Qc7 8. d4 b5 9. a4 Rb8 10. axb5 axb5 11. Na3 Ba6 12. d5 e5 13. Nc4 Bb7 14. Na5 Ba8 15. b4 Be7 16. Bg5 0-0 17. Bh4 h6 18. Bg3 c4 19. Qd2 Nb6 20. Nh4 Rfe8 21. Nf5 Bf8 22. f3 Kh7 23. Bh4 Nh5 24. Bf2 Nc8 25. Ra2 Nf4 26. Rea1 g6 27. Ne3 Bg7 28. g3 Nd3 29. Bxd3 cxd3 30. Qxd3 Ne7 31. c4 f5 32. cxb5 f4 33. Nec4 fxg3 34. hxg3 Rf8 35. b6 Qd7 36. Kg2 Rf7 37. Nd2 Rbf8 38. b5 g5 39. Nc6 Bb7 40. Ra7 Nc8 41. Rxb7 Qxb7 42. Nc4 g4 43. f4 exf4 44. e5+ Kh8 45. Bd4 fxg3 46. e6 Rf2+ 47. Kg1 R8f3 48. Qg6 Bxd4 49. Nxd4 Qg7 50. Qxg7+ Kxg7 51. b7 Rh2 52. bxc8Q 1-0

[Event "Almaty zt 3.4"]
[Site "Almaty"]
[Date "2025.04.07"]
[Round "7"]
[White "Suyarov, Mukhammadzokhid"]
[Black "Tillyaev, Ulugbek"]
[Result "1-0"]
[WhiteElo "2469"]
[BlackElo "2311"]
[PlyCount "83"]
[EventDate "2025.04.02"]
[EventType "swiss"]
[EventRounds "9"]
[EventCountry "KAZ"]
[SourceTitle "CB15_2025"]
[SourceDate "2025.04.09"]
[SourceVersion "1"]
[SourceVersionDate "2025.04.09"]
[SourceQuality "1"]

1. e4 Nf6 2. Nc3 d5 3. e5 Nfd7 4. d4 e6 5. Nce2 c5 6. c3 b6 7. Nf3 Ba6 8. Nf4 Bxf1 9. Kxf1 Nc6 10. h4 Be7 11. Ng5 Qc8 12. Be3 Qa6+ 13. Kg1 Bxg5 14. hxg5 0-0-0 15. Qc2 g6 16. g4 Kb7 17. Kg2 Rc8 18. Qd2 cxd4 19. cxd4 Ka8 20. Kg3 Qa5 21. Qd1 Qb5 22. b3 Nb4 23. a4 Qa6 24. Qd2 Nc6 25. b4 Qb7 26. Nd3 Ne7 27. b5 Qb8 28. Qb4 Ng8 29. Rac1 Rc4 30. Rxc4 dxc4 31. Nf4 Qb7 32. d5 h5 33. Qd6 c3 34. Rc1 hxg4 35. Rxc3 Nc5 36. Bxc5 bxc5 37. Qf8+ Qb8 38. Qxb8+ Kxb8 39. d6 Nh6 40. gxh6 g5 41. Nh5 Rxh6 42. Kxg4 1-0

[Event "Almaty zt 3.4"]
[Site "Almaty"]
[Date "2025.04.02"]
[Round "1"]
[White "Suyarov, Mukhammadzokhid"]
[Black "Kudaibergen, Nurlykhan"]
[Result "0-1"]
[WhiteElo "2469"]
[BlackElo "2125"]
[PlyCount "70"]
[EventDate "2025.04.02"]
[EventType "swiss"]
[EventRounds "9"]
[EventCountry "KAZ"]
[SourceTitle "CB15_2025"]
[SourceDate "2025.04.09"]
[SourceVersion "1"]
[SourceVersionDate "2025.04.09"]
[SourceQuality "1"]

1. e4 c5 2. Nf3 Nc6 3. Bc4 d6 4. 0-0 Nf6 5. Re1 Bg4 6. c3 e6 7. h3 Bxf3 8. Qxf3 Be7 9. Bf1 Rg8 10. Qd1 e5 11. Na3 g5 12. Nc2 g4 13. hxg4 Nxg4 14. Ne3 h5 15. Nf5 Bh4 16. g3 Qf6 17. Qf3 Bg5 18. Bh3 Ne7 19. d4 Rd8 20. dxc5 dxc5 21. Bxg5 Rxg5 22. Nh4 Qb6 23. Qe2 c4 24. Rad1 Rd3 25. Rxd3 cxd3 26. Qd2 Qf6 27. Kg2 Rg8 28. Bxg4 Rxg4 29. Nf3 Ng6 30. Nh2 Nh4+ 31. Kg1 Qf3 32. Nxf3 Nxf3+ 33. Kg2 Nxd2 34. f3 Rg6 35. b3 Ra6 0-1

[Event "Titled Tuesday intern op 01st Apr Early"]
[Site "Chess.com INT"]
[Date "2025.04.01"]
[Round "1"]
[White "Akkara, Omer"]
[Black "Suyarov, Mukhammadzokhid"]
[Result "0-1"]
[WhiteElo "2132"]
[BlackElo "2474"]
[PlyCount "120"]
[EventDate "2025.04.01"]
[EventType "swiss (blitz)"]
[EventRounds "11"]
[EventCountry "USA"]
[SourceTitle "CB15_2025"]
[SourceDate "2025.04.09"]
[SourceVersion "1"]
[SourceVersionDate "2025.04.09"]
[SourceQuality "1"]

1. e4 e6 2. b3 d5 3. Bb2 dxe4 4. Nc3 Nf6 5. Qe2 Bd7 6. Nxe4 Nxe4 7. Qxe4 Bc6 8. Qg4 Nd7 9. Nf3 Nf6 10. Qh4 Be7 11. Bd3 Qd5 12. Qc4 Qxc4 13. Bxc4 Bxf3 14. gxf3 g6 15. 0-0-0 0-0-0 16. Rhe1 Rhe8 17. Re2 Nh5 18. Rde1 Bd6 19. h4 Nf4 20. Re4 f5 21. Bxe6+ Nxe6 22. Rxe6 Rxe6 23. Rxe6 Kd7 24. Re2 Re8 25. Rxe8 Kxe8 26. Bf6 Kf7 27. Bg5 Bc5 28. Be3 Be7 29. Bg5 Bxg5 30. hxg5 f4 31. d4 Ke6 32. c4 Kf5 33. Kd2 Kxg5 34. Ke2 Kf5 35. Kf1 h5 36. Kg2 g5 37. Kh2 a5 38. a4 g4 39. Kg2 c6 40. fxg4+ hxg4 41. f3 Kg5 42. fxg4 Kxg4 43. Kf2 Kg5 44. Kf3 Kf5 45. Kf2 Ke4 46. d5 cxd5 47. cxd5 Kxd5 48. Kf3 Kc5 49. Kxf4 Kb4 50. Ke5 Kxb3 51. Kd5 Kxa4 52. Kc4 b5+ 53. Kc3 Ka3 54. Kc2 Ka2 55. Kc3 b4+ 56. Kc2 b3+ 57. Kc3 b2 58. Kc4 b1Q 59. Kc5 a4 60. Kc6 a3 0-1

[Event "Titled Tuesday intern op 01st Apr Early"]
[Site "Chess.com INT"]
[Date "2025.04.01"]
[Round "6"]
[White "Avila Pavas, Santiago"]
[Black "Suyarov, Mukhammadzokhid"]
[Result "0-1"]
[WhiteElo "2511"]
[BlackElo "2474"]
[PlyCount "74"]
[EventDate "2025.04.01"]
[EventType "swiss (blitz)"]
[EventRounds "11"]
[EventCountry "USA"]
[SourceTitle "CB15_2025"]
[SourceDate "2025.04.09"]
[SourceVersion "1"]
[SourceVersionDate "2025.04.09"]
[SourceQuality "1"]

1. d4 e6 2. Bf4 Nf6 3. Nf3 c5 4. e3 Nc6 5. c3 d5 6. Nbd2 Be7 7. Bd3 Nh5 8. Be5 f6 9. Ng5 g6 10. Nxh7 Nxe5 11. dxe5 f5 12. g4 Rxh7 13. gxh5 Rxh5 14. Rg1 Kf7 15. Qe2 Bd7 16. 0-0-0 Qa5 17. Kb1 Rah8 18. Nf3 Bc6 19. Rg3 b5 20. Rdg1 R8h6 21. Nd2 Rxh2 22. Nf1 R2h4 23. Nd2 c4 24. Bc2 b4 25. Nf3 Rh1 26. Rxg6 Rxg1+ 27. Rxg1 bxc3 28. Nd4 Bd7 29. f4 Qb4 30. b3 Qa3 31. Bd1 Kf8 32. Qg2 Rg6 33. Qh2 Rxg1 34. Qh6+ Rg7 35. Qh8+ Rg8 36. Qh6+ Ke8 37. Bh5+ Kd8 0-1

[Event "Titled Tuesday intern op 01st Apr Early"]
[Site "Chess.com INT"]
[Date "2025.04.01"]
[Round "3"]
[White "Molaei, Mohammadamin"]
[Black "Suyarov, Mukhammadzokhid"]
[Result "0-1"]
[WhiteElo "2325"]
[BlackElo "2474"]
[PlyCount "72"]
[EventDate "2025.04.01"]
[EventType "swiss (blitz)"]
[EventRounds "11"]
[EventCountry "USA"]
[SourceTitle "CB15_2025"]
[SourceDate "2025.04.09"]
[SourceVersion "1"]
[SourceVersionDate "2025.04.09"]
[SourceQuality "1"]

1. d4 Nf6 2. c4 e6 3. g3 d5 4. Bg2 Be7 5. Nf3 0-0 6. 0-0 dxc4 7. Qc2 a6 8. a4 Bd7 9. Bf4 Bc6 10. Qxc4 Nbd7 11. a5 Bd6 12. Qc1 Qe7 13. Nc3 Bxf3 14. Bxf3 c6 15. Bxd6 Qxd6 16. Rd1 Rfd8 17. Qf4 Qb4 18. e3 Rac8 19. Rdc1 h6 20. h4 Qe7 21. Na4 e5 22. dxe5 Nxe5 23. Rd1 Rb8 24. Nb6 Qc5 25. Be2 Rxd1+ 26. Rxd1 Re8 27. b4 Qc2 28. Kf1 Ne4 29. Bh5 g5 30. hxg5 hxg5 31. Bxf7+ Nxf7 32. Qf3 Ne5 33. Qe2 Nxg3+ 34. fxg3 Rf8+ 35. Ke1 Nf3+ 36. Kf2 Nd4+ 0-1